00821nam a2200169Ia 450000500170000000700030001700800410002002000150006105000180007624500720009426000490016630000240021552003160023965000360055565000300059165000300062120231102151459.0ta121101t19971994mx f 000 0 spa d a9688424218 aHF1481 bT73 10aTratado de libre comercio de América del Norte b: texto oficial  aMéxicob : Miguel Ángel Porrúac, 1997 aix, 1218 páginas 0 aTratado de libre comercio es una obra que te lleva de la mano y da a conocer cuales fueron las reglas que establecieron los países de Canadá, Estados Unidos y Estado de México, para los intercambios de capital, mercancías y servicios, entre una gran diversidad de información de suma importancia. 10aLIBRE COMERCIO zESTADOS UNIDOS20aLIBRE COMERCIO zCANADÁ20aLIBRE COMERCIO zMÉXICO